000 00263nam a22001217a 4500
008 171123b xxu||||| |||| 00| 0 eng d
041 _aeng
080 _a611
100 _a6
101 _aANA
245 _aVERTABRATE ADAPTATIONS
_cNORMAN/K/W
942 _2udc
_cBK
999 _c38333
_d38333